| 000 | 00415nam a2200097Ia 4500 | ||
|---|---|---|---|
| 008 | 180130s9999 xx 000 0 und d | ||
| 245 |
_cMavrogenis, Stavros; Kelman, Ilan _aLessons from local initiatives on ecosystem-based climate change work in Tonga |
||
| 260 | _c2013 | ||
| 300 | _aBook title: The role of ecosystems in disaster risk reduction--Acession number C17927; pages 191-218 | ||
| 650 | _aECOSYSTEM MANAGEMENT | ||
| 999 |
_c354552 _d354552 |
||